000 00505nam a22001697a 4500
999 _c40912
_d40912
003 OSt
005 20201113150939.0
008 201113b ||||| |||| 00| 0 eng d
020 _a9788175962194
040 _coclc
082 _a428.34
_bDOF/L
100 _aDoff, Adrian
245 _aLanguage In Use :
_bPre Intermediate /
_cAdrian Doff ; Christopher Jones
260 _aNew Delhi:
_bFoundation Books,
_c2006.
300 _a128p
942 _cBK
_2ddc
_h428.34
_iDOF/L
_k428.34
_mDOF/L